Welcome to the Holygrace Academy Library

Please use search bar below to get started

A TREASURE OF TALES (Record no. 3556)

MARC details
000 -LEADER
fixed length control field 00329nam a22001457a 4500
020 ## - INTERNATIONAL STANDARD BOOK NUMBER
ISBN 81-219-1516-3
082 ## - DEWEY DECIMAL CLASSIFICATION NUMBER
Classification number 823
Item number NAT/T
100 ## - MAIN ENTRY--AUTHOR NAME
Personal name NATH, PRATIBHA
100 ## - MAIN ENTRY--AUTHOR NAME
Personal name NATH, SURESH
245 ## - TITLE STATEMENT
Title A TREASURE OF TALES
260 ## - PUBLICATION, DISTRIBUTION, ETC. (IMPRINT)
Place of publication DELHI
Name of publisher S. CHAND & COMPANY
300 ## - PHYSICAL DESCRIPTION
Number of Pages 43
650 ## - SUBJECT ADDED ENTRY--TOPICAL TERM
Topical Term ENGLISH SHORT STORY
Geographic subdivision DELHI
942 ## - ADDED ENTRY ELEMENTS (KOHA)
Koha item type Books
Holdings
Withdrawn status Lost status Collection code Home library Current library Shelving location Date acquired Source of acquisition Cost, normal purchase price Full call number Accession Number Koha item type
    Fiction Main Library Main Library SHELF 3- E- ENGLISH CHILDRENS LITERATURE &MYTHOLOGY 07/03/2002 PURCHASE 17.00 823 NAT/T 00290 Books